<?xml version="1.0" encoding="UTF-8"?>
<record
    xmlns:xsi="http://www.w3.org/2001/XMLSchema-instance"
    xsi:schemaLocation="http://www.loc.gov/MARC21/slim http://www.loc.gov/standards/marcxml/schema/MARC21slim.xsd"
    xmlns="http://www.loc.gov/MARC21/slim">

  <leader>01427cam a2200349 i 4500</leader>
  <controlfield tag="001">991061761683706706</controlfield>
  <controlfield tag="003">ES-BaIT</controlfield>
  <controlfield tag="005">20260507134937.0</controlfield>
  <controlfield tag="008">260507e202410  sp a          000 d spa d</controlfield>
  <datafield tag="017" ind1=" " ind2=" ">
    <subfield code="a">DL B 13448-2025</subfield>
    <subfield code="b">Biblioteca de Catalunya</subfield>
  </datafield>
  <datafield tag="020" ind1=" " ind2=" ">
    <subfield code="a">9788410160279</subfield>
  </datafield>
  <datafield tag="020" ind1=" " ind2=" ">
    <subfield code="a">8410160277</subfield>
  </datafield>
  <datafield tag="040" ind1=" " ind2=" ">
    <subfield code="a">ES-BaIT</subfield>
    <subfield code="b">cat</subfield>
    <subfield code="e">rda</subfield>
    <subfield code="c">ES-BaIT</subfield>
  </datafield>
  <datafield tag="080" ind1=" " ind2=" ">
    <subfield code="a">860-2"20"</subfield>
  </datafield>
  <datafield tag="100" ind1="1" ind2=" ">
    <subfield code="a">Novara, Carmela,</subfield>
    <subfield code="d">1992- </subfield>
    <subfield code="e">autor</subfield>
    <subfield code="9">165421</subfield>
  </datafield>
  <datafield tag="245" ind1="1" ind2="4">
    <subfield code="a">Las liebres duermen con los ojos abiertos</subfield>
    <subfield code="c">/ Carmela Novara ; pr&#xF3;logo Edna Roc&#xED;o Le&#xF3;n ; ilustraciones Mail&#xE9;n Navas ; art&#xED;culo Alberto Rizzo</subfield>
  </datafield>
  <datafield tag="250" ind1=" " ind2=" ">
    <subfield code="a">Primera edici&#xF3;n</subfield>
  </datafield>
  <datafield tag="264" ind1=" " ind2="1">
    <subfield code="a">Barcelona :</subfield>
    <subfield code="b">Ediciones Mutis,</subfield>
    <subfield code="c">octubre de 2025</subfield>
  </datafield>
  <datafield tag="336" ind1=" " ind2=" ">
    <subfield code="a">text</subfield>
    <subfield code="b">txt</subfield>
    <subfield code="2">rdacontent</subfield>
  </datafield>
  <datafield tag="337" ind1=" " ind2=" ">
    <subfield code="a">sense mediaci&#xF3;</subfield>
    <subfield code="b">n</subfield>
    <subfield code="2">rdamedia</subfield>
  </datafield>
  <datafield tag="338" ind1=" " ind2=" ">
    <subfield code="a">volum</subfield>
    <subfield code="b">nc</subfield>
    <subfield code="2">rdacarrier</subfield>
  </datafield>
  <datafield tag="500" ind1=" " ind2=" ">
    <subfield code="a">P5: D4, H1 en P3: D2, H1 (lectura dramatitzada de la companyia Disonantes a la 84a Feria del Libro de Madrid)</subfield>
  </datafield>
  <datafield tag="586" ind1=" " ind2=" ">
    <subfield code="a">Premio Mutis 2025 al millor text original</subfield>
  </datafield>
  <datafield tag="650" ind1=" " ind2="4">
    <subfield code="a">Viol&#xE8;ncia envers les dones</subfield>
    <subfield code="x">Textos dram&#xE0;tics</subfield>
    <subfield code="9">104489</subfield>
  </datafield>
  <datafield tag="650" ind1=" " ind2="4">
    <subfield code="a">Culpabilitat</subfield>
    <subfield code="x">Textos dram&#xE0;tics</subfield>
    <subfield code="9">169433</subfield>
  </datafield>
  <datafield tag="700" ind1="1" ind2=" ">
    <subfield code="a">Le&#xF3;n Mahecha, Edna Roc&#xED;o,</subfield>
    <subfield code="d">1988-</subfield>
    <subfield code="e">escriptor d'un pr&#xF2;leg</subfield>
    <subfield code="9">165326</subfield>
  </datafield>
  <datafield tag="700" ind1="1" ind2=" ">
    <subfield code="a">Navas, Mail&#xE9;n</subfield>
    <subfield code="e">il&#xB7;lustrador</subfield>
    <subfield code="9">169434</subfield>
  </datafield>
  <datafield tag="700" ind1="1" ind2="2">
    <subfield code="i">Contenidor de (obra):</subfield>
    <subfield code="a">Rizzo, Alberto,</subfield>
    <subfield code="d">1981-</subfield>
    <subfield code="t">Violencia, silencio y complicidad</subfield>
    <subfield code="9">169435</subfield>
  </datafield>
  <datafield tag="908" ind1=" " ind2=" ">
    <subfield code="a">CDMAE</subfield>
  </datafield>
  <datafield tag="940" ind1=" " ind2=" ">
    <subfield code="a">CDMAE</subfield>
  </datafield>
  <datafield tag="942" ind1=" " ind2=" ">
    <subfield code="2">udc</subfield>
    <subfield code="c">1</subfield>
  </datafield>
  <datafield tag="952" ind1=" " ind2=" ">
    <subfield code="0">0</subfield>
    <subfield code="1">0</subfield>
    <subfield code="2">udc</subfield>
    <subfield code="4">0</subfield>
    <subfield code="7">0</subfield>
    <subfield code="a">10000</subfield>
    <subfield code="b">10000</subfield>
    <subfield code="c">10040</subfield>
    <subfield code="d">2026-05-07</subfield>
    <subfield code="e">2</subfield>
    <subfield code="l">0</subfield>
    <subfield code="o">860 NOV lie</subfield>
    <subfield code="p">1900090113</subfield>
    <subfield code="r">2026-05-07 13:53:21</subfield>
    <subfield code="w">2026-05-07</subfield>
    <subfield code="y">1</subfield>
  </datafield>
  <datafield tag="999" ind1=" " ind2=" ">
    <subfield code="c">137434</subfield>
    <subfield code="d">137434</subfield>
  </datafield>
</record>
